| 000 | 00413pab a2200157 454500 | ||
|---|---|---|---|
| 008 | 180718b2017 xxu||||| |||| 00| 0 eng d | ||
| 100 | _aMukherjee, Dhurjati | ||
| 245 | _aTransforming the village: new rurban strategy based on Gandhian approach | ||
| 260 | _c2017 | ||
| 300 | _ap.16-19. | ||
| 362 | _aMay | ||
| 650 | _aRural areas | ||
| 650 | _aRural development | ||
| 773 | _aKurukshetra | ||
| 909 | _a115941 | ||
| 999 |
_c115935 _d115935 |
||